000 00666nam a22002417a 4500
003 OSt
005 20140310181724.0
008 130307t xxu||||| |||| 00| 0 eng d
020 _a9789788477110
050 _aG 11
_b.C355 2003
082 _aIB 460
_bEs6 2003
100 _aCastro, Francisca Castro
245 _aNuevo ven 1:
_b Libro del alumno
_cCastro, Francisca Castro
260 _a(S.A., Madrid)
_bEdelsa Grupo Didascalia
_c2003
300 _a192 p. :
_bill. col. pic
_c28 cm.
562 _e3
650 _astudy and teaching (Secondary).
650 _aSpanish language
942 _2lcc
_cBK
999 _c2106
_d2106